| 000 | 01387cad a22002535a 4500 | ||
|---|---|---|---|
| 001 | L157498 | ||
| 008 | 121220s2012 xxk f 000 0 eng d | ||
| 020 | _a9781409837251 | ||
| 035 | _a(Sirsi) u157498 | ||
| 041 | 0 | _aeng | |
| 110 | 2 |
_aUnited Kingdom _bDepartment for Communities and Local Government _94939 |
|
| 245 | 0 | 0 |
_aImproving the energy efficiency of our buildings _bA guide to air conditioning inspections for buildings _h[electronic resource] |
| 260 |
_aLondon _bDCLG _c2012 |
||
| 520 | _aProvides guidance for managers, owners and occupiers responsbile for the management or control of air conditioning systems to ensure that they comply with the Energy Performance of Buildings (Certificates and Inspections) (England and Wales) (Amendment) Regulations 2012 and Energy Performance of Building Directive 2010. | ||
| 590 | _aKA | ||
| 650 | 2 | 4 | _aENERGY PERFORMANCE OF BUILDINGS (CERTIFICATES AND INSPECTIONS) (ENGLAND AND WALES) (AMENDMENT) REGULATIONS 2012 |
| 650 | 2 | 4 | _aDIRECTIVE 2010/31/EU |
| 651 | 4 | _aENGLAND AND WALES | |
| 690 |
_aSustainability _96271 |
||
| 690 |
_aCommercial property _96227 |
||
| 690 |
_aFacilities management _96240 |
||
| 856 | 4 | 0 |
_uhttps://www.gov.uk/government/uploads/system/uploads/attachment_data/file/39377/A_guide_to_air_conditioning_inspections_for_buildings.pdf _zView the item free of charge from the www.gov.uk website. |
| 942 | _n0 | ||
| 999 |
_c114802 _d114802 |
||